Normal view
MARC view
Entry Personal Name
001 - CONTROL NUMBER
- control field: 29331
003 - CONTROL NUMBER IDENTIFIER
- control field:
005 - DATE AND TIME OF LATEST TRANSACTION
- control field: 20210601180743.0
008 - FIXED-LENGTH DATA ELEMENTS
- fixed length control field: 210601|| aca||aabn | a|a d
040 ## - CATALOGING SOURCE
- Original cataloging agency:
- Transcribing agency:
100 ## - HEADING--PERSONAL NAME
- Personal name: Leach, R.M.
670 ## - SOURCE DATA FOUND
- Source citation: Work cat.: (): MacFarlane, L.R.S. 29328, A short synopsis of human proto zoology and helminthology/, 1960
